MARC details
| 000 -LÍDER |
| campo de controle de tamanho fixo |
01370 a2200229 4500 |
| 001 - NÚMERO DE CONTROLE |
| campo de controle |
119228 |
| 020 ## - ISBN - INTERNATIONAL STANDARD BOOK NUMBER |
| ISBN - International Standard Book Number |
9780802126757 |
| 020 ## - ISBN - INTERNATIONAL STANDARD BOOK NUMBER |
| Informação qualificadora |
broch. |
| 041 ## - CÓDIGO DE IDIOMA |
| Código do idioma do texto/trilha sonora ou título diferente |
eng |
| 082 ## - CDD - CLASSIFICAÇÃO DECIMAL DE DEWEY |
| Número de Classificação |
813 |
| 040 ## - FONTE DA CATALOGAÇÃO |
| Instituição da catalogação original |
BR-BrIDEA |
| Instituição que transcreveu o registro |
BR-BrIDEA |
| 090 ## - NÚMERO DE CHAMADA LOCAL |
| Número de chamada (OCLC) (R); Número de chamada, CALL (RLIN) (NR) |
P Year 10 813 |
| Número Cutter local (OCLC); Número de classificação do livro, CALL (RLIN) |
FRA |
| 100 ## - ENTRADA PRINCIPAL--NOME PESSOAL |
| Nome pessoal |
Frazier, Charles |
| 245 10 - TÍTULO |
| Título |
Cold mountain |
| Restante do título |
a novel |
| Indicação de responsabilidade, etc. |
Charles Frazier |
| 260 ## - PUBLICAÇÃO, DISTRIBUIÇÃO, ETC. |
| Local de publicação, distribuição, etc. |
New York |
| Nome do editor, distribuidor, etc. |
Grove Press |
| Data da publicação, distribuição, etc. |
1997 |
| 520 ## - NOTA DE RESUMO, ETC |
| Resumo, etc. |
Charles Frazier's debut novel Cold Mountain made publishing history in 1997 when it stood at the top of the New York Times best-seller list for sixty-one weeks, won numerous literary awards, including the National Book Award, and went on to sell over three million copies. Now reissued for its twentieth year, this extraordinary tale of a soldier's perilous journey back to his beloved at the end of the Civil War is at once an enthralling adventure, a stirring love story, and a luminous evocation of a vanished land. Adapted into an Oscar-nominated movie starring Nicole Kidman and Jude Law, and a 2015 opera co-commissioned between Santa Fe Opera, Opera Philadelphia and the Minnesota Opera, Cold Mountain portrays an era that continues to speak eloquently to our time. |
| 697 ## - ENTRADA DE ASSUNTO LOCAL--ENTIDADE COLETIVA (RLIN) |
| Nome corporativo ou nome da jurisdição |
Historical fiction |
| 697 ## - ENTRADA DE ASSUNTO LOCAL--ENTIDADE COLETIVA (RLIN) |
| Nome corporativo ou nome da jurisdição |
Man - Woman - relationship |
| 697 ## - ENTRADA DE ASSUNTO LOCAL--ENTIDADE COLETIVA (RLIN) |
| Nome corporativo ou nome da jurisdição |
United States - History - 1861-1865, Civil War - Fiction. |
| 856 ## - LOCALIZAÇÃO ELETRÔNICA E ACESSO |
| Uniform Resource Identifier |
<a href="000034/00003499.jpg">000034/00003499.jpg</a> |
| 942 ## - ELEMENTOS DE ENTRADA ADICIONADOS (KOHA) |
| Tipo de material Koha |
Livros |